সভ্যতার দুর্গে সংস্কৃতির করাঘাত / (Record no. 28692)

MARC details
000 -LEADER
fixed length control field 00765nam a22002057a 4500
003 - CONTROL NUMBER IDENTIFIER
control field BDDh-ASL
005 - DATE AND TIME OF LATEST TRANSACTION
control field 20231015030946.0
008 - FIXED-LENGTH DATA ELEMENTS--GENERAL INFORMATION
fixed length control field 220430s2008 b ||||| |||| 00| 0 b d
040 ## - CATALOGING SOURCE
Transcribing agency BDDh-ASL
082 ## - DEWEY DECIMAL CLASSIFICATION NUMBER
Classification number 930
Item number ALS
100 1# - MAIN ENTRY--PERSONAL NAME
9 (RLIN) 6144
Personal name আলম, ফজলুল
245 10 - TITLE STATEMENT
Title সভ্যতার দুর্গে সংস্কৃতির করাঘাত /
246 ## - VARYING FORM OF TITLE
Title proper/short title Savyatar Doorge Sankskritir Karaghat.
260 ## - PUBLICATION, DISTRIBUTION, ETC.
Place of publication, distribution, etc. ঢাকা:
Name of publisher, distributor, etc. অনন্যা,
Date of publication, distribution, etc. ২০০৮।
300 ## - PHYSICAL DESCRIPTION
Extent ১৬৮ পৃষ্ঠা:
Dimensions ২২ সে.মি.
504 ## - BIBLIOGRAPHY, ETC. NOTE
Bibliography, etc. note নির্ঘণ্ট সংযুক্ত ।
650 #0 - SUBJECT ADDED ENTRY--TOPICAL TERM
9 (RLIN) 5961
Topical term or geographic name entry element সংস্কৃতি (Culture)
650 #0 - SUBJECT ADDED ENTRY--TOPICAL TERM
9 (RLIN) 6185
Topical term or geographic name entry element Civilization (সভ্যতা)
942 ## - ADDED ENTRY ELEMENTS (KOHA)
Source of classification or shelving scheme Dewey Decimal Classification
Koha item type Books
Holdings
Withdrawn status Lost status Source of classification or shelving scheme Damaged status Not for loan Collection code Home library Current library Shelving location Date acquired Source of acquisition Total Checkouts Full call number Barcode Date last seen Copy number Price effective from Koha item type
    Dewey Decimal Classification     Non-fiction Asiatic Society Library Asiatic Society Library Sirajul Islam Collection 04/30/2022 Donated by Prof. Sirajul Islam FRHS   930 ALS 116720 04/30/2022 C-1 04/30/2022 Books
    Dewey Decimal Classification     Non-fiction Asiatic Society Library Asiatic Society Library Sirajul Islam Collection 04/30/2022 Donated by Prof. Sirajul Islam FRHS   930 ALS 116721 04/30/2022 C-2 04/30/2022 Books

Powered by Koha